Vzťah medzi ekonomickým rastom a príjmovými nerovnosťami obyvateľstva vybraných krajín diplomová práca

Salvato in:
Dettagli Bibliografici
Autore principale: Plauterová, Daniela
Ente Autore: Národohospodárska fakulta EU. Katedra hospodárskej politiky
Altri autori: Lábaj, Martin, 1982-
Natura: Libro
Lingua:slovacco
Pubblicazione: Bratislava 2015
Tags: Aggiungi Tag
Nessun Tag, puoi essere il primo ad aggiungerne!!

MARC

LEADER 00000nbm a2200000 4500
001 0202443
005 20161212095125.7
041 0 |a slo 
044 |a SK 
245 1 0 |a Vzťah medzi ekonomickým rastom a príjmovými nerovnosťami obyvateľstva vybraných krajín  |b diplomová práca  |c Daniela Plauterová ; školiteľ: Martin Lábaj 
264 1 |a Bratislava  |c 2015 
300 |a 62 s. 
100 1 |a Plauterová, Daniela 
700 1 |a Lábaj, Martin, 1982- 
710 2 |a Národohospodárska fakulta EU. Katedra hospodárskej politiky